000 aam a22 a 4500
999 _c1111
_d1111
003 AKMAL
005 20170508140817.0
008 170508s1993 my 00 may d
020 _a9839089137
040 _aAKMAL
082 0 4 _a297.3 QAA
090 0 0 _a297.3
_bQAA
100 1 _aAbu Syabib, Faisal
_92309
245 1 0 _aBagaimana dan mengapa kita perlu menghafal al-Quran /
_cFaisal Syabib ; alihbahasa Abdullah Al-Qari b. Hj. Salleh
260 _aKota Bharu :
_bPustaka Asa,
_c1986
300 0 0 _a38ms. ;
_c19cm
505 0 _aMengandungi ayat-ayat dari Quran
650 0 _aKoran
_xMemorizing
_92310
650 0 _aKoran
_xRecitation
_91777
650 0 _aIslam
_xCustoms and practices
_91330
700 0 _aAbdullah al-Qari Hj. Salleh,
_d1937-
_91820
942 _2ddc
_cBOOK